书目信息 |
| 题名: |
美国常青藤盟校的录取标准
|
|
| 作者: | 章岩 著 | |
| 分册: | ||
| 出版信息: | 北京 中华工商联合出版社 2015 |
|
| 页数: | 246页 | |
| 开本: | 25cm | |
| 丛书名: | ||
| 单 册: | ||
| 中图分类: | G649.712.8 | |
| 科图分类: | ||
| 主题词: | 留学教育--liu xue jiao yu--概况--美国 , 高等学校--gao deng xue xiao--简介--美国 | |
| 电子资源: | ||
| ISBN: | 978-7-5158-1154-3 | |
| 000 | 01152nam0 2200265 450 | |
| 001 | 1735196845 | |
| 005 | 20161207151528.0 | |
| 010 | @a978-7-5158-1154-3@dCNY35.00 | |
| 100 | @a20150112d2015 em y0chiy50 ea | |
| 101 | 0 | @achi |
| 102 | @aCN@b110000 | |
| 105 | @ay z 000yy | |
| 106 | @ar | |
| 200 | 1 | @a美国常青藤盟校的录取标准@Amei guo chang qing teng meng xiao de lu qu biao zhun@f章岩著 |
| 210 | @a北京@c中华工商联合出版社@d2015 | |
| 215 | @a246页@d25cm | |
| 314 | @a章岩,曾赴美获得耶鲁大学博士学位,现担任某传媒集团总裁。 | |
| 330 | @a本书从常青藤盟校所具备的精神和气质出发,从培养青少年的品质切入,从理想志向、习惯、性格、情商等方面,引导青少年从平凡走向卓越,帮助成千上万的中国学生赢得他们梦寐以求的高校录取,给你最大的改变去赢得美国高校的青睐,并告诉你如何通过创造充满活力的课外课程,建立自己的世界学生品牌,成为独特的学生。 | |
| 333 | @a准备留美的学生、家长及相关读者。 | |
| 606 | 0 | @a留学教育@Aliu xue jiao yu@x概况@y美国 |
| 606 | 0 | @a高等学校@Agao deng xue xiao@x简介@y美国 |
| 690 | @aG649.712.8@v5 | |
| 701 | 0 | @a章岩@Azhang yan@4著 |
| 801 | 0 | @aCN@b北京新华书店首都发行所有限公司@c20150112 |
| 905 | @aBZT@dG649.712.8@e14 | |
| 美国常青藤盟校的录取标准/章岩著.-北京:中华工商联合出版社,2015 |
| 246页;25cm |
| 使用对象:准备留美的学生、家长及相关读者。 |
| ISBN 978-7-5158-1154-3:CNY35.00 |
| 本书从常青藤盟校所具备的精神和气质出发,从培养青少年的品质切入,从理想志向、习惯、性格、情商等方面,引导青少年从平凡走向卓越,帮助成千上万的中国学生赢得他们梦寐以求的高校录取,给你最大的改变去赢得美国高校的青睐,并告诉你如何通过创造充满活力的课外课程,建立自己的世界学生品牌,成为独特的学生。 |
| ● |
| 相关链接 |
|
|
|
正题名:美国常青藤盟校的录取标准
索取号:G649.712.8/14
 
预约/预借
| 序号 | 登录号 | 条形码 | 馆藏地/架位号 | 状态 | 备注 |
| 1 | 825992 | 2000825992 | 第二书库/ [索取号:G649.712.8/14] | 在馆 | |
| 2 | 825993 | 2000825993 | 第二书库/ [索取号:G649.712.8/14] | 在馆 | |
| 3 | 825994 | 2000825994 | 第二书库/ [索取号:G649.712.8/14] | 在馆 |